[Event "Amapa-ch 16th"]
[Site "Macapa"]
[Date "2021.12.19"]
[Round "10"]
[White "Machado, Hualason Jose Soare"]
[Black "Pires, Enzo Luis Albuquerq"]
[Result "1-0"]
[WhiteElo "2052"]
[BlackElo "1620"]
[PlyCount "87"]
[EventDate "2021.12.10"]
[EventType "tourn"]
[EventRounds "10"]
[EventCountry "BRA"]
[SourceTitle "EXT 2023"]
[Source "ChessBase"]
[SourceDate "2022.10.05"]
[SourceVersion "1"]
[SourceVersionDate "2022.10.05"]
[SourceQuality "1"]

1. e4 c5 2. b4 cxb4 3. d4 Nf6 4. Bd3 Nc6 5. Bb2 d6 6. Ne2 e5 7. 0-0 g6 8. Nd2 Bg7 9. d5 Ne7 10. a3 bxa3 11. Bxa3 0-0 12. Nc4 Ne8 13. Qb1 f5 14. f3 f4 15. Nc3 a6 16. Qb6 Qxb6+ 17. Nxb6 Rb8 18. Nb1 g5 19. Nd2 h5 20. Ndc4 Rf6 21. Rab1 g4 22. Nxe5 dxe5 23. Bxe7 Rf7 24. Nxc8 Rxc8 25. d6 Rxe7 26. dxe7 b5 27. Ra1 Rc6 28. fxg4 hxg4 29. Be2 Kf7 30. Ra2 Kxe7 31. Rfa1 Nc7 32. Bxg4 Rc4 33. Rd1 Bf8 34. Bc8 Ke8 35. Bb7 Bc5+ 36. Kf1 Bd4 37. Rd3 Bc3 38. Bxa6 Nxa6 39. Rxa6 b4 40. Ra7 Rxe4 41. Rb7 Re1+ 42. Kf2 Re4 43. Rh3 Bd4+ 44. Kf1 1-0

[Event "Amapa-ch 16th"]
[Site "Macapa"]
[Date "2021.12.18"]
[Round "8"]
[White "Carvalho, Cleber del Castillo"]
[Black "Pires, Enzo Luis Albuquerq"]
[Result "0-1"]
[WhiteElo "1955"]
[BlackElo "1620"]
[PlyCount "50"]
[EventDate "2021.12.10"]
[EventType "tourn"]
[EventRounds "10"]
[EventCountry "BRA"]
[SourceTitle "EXT 2023"]
[Source "ChessBase"]
[SourceDate "2022.10.05"]
[SourceVersion "1"]
[SourceVersionDate "2022.10.05"]
[SourceQuality "1"]

1. e4 c5 2. Nf3 Nc6 3. d4 cxd4 4. Nxd4 Nf6 5. Nc3 e5 6. Ndb5 d6 7. Bg5 a6 8. Bxf6 gxf6 9. Na3 f5 10. Nc4 fxe4 11. Nxe4 Nd4 12. Ne3 Be6 13. Qh5 Rg8 14. Bd3 d5 15. Nc3 e4 16. Bf1 Rg5 17. Qxh7 Rg6 18. Qh8 f6 19. Qh7 Bf7 20. Nexd5 Nxc2+ 21. Kd1 Nxa1 22. Kc1 Rc8 23. Kb1 Nc2 24. Kxc2 Qxd5 25. b3 Rh6 0-1